000 00300nam a22001337a 4500
008 170829b xxu||||| |||| 00| 0 eng d
020 _a9780131823747
041 _aeng
080 _24 ED
_a070
100 _a39
101 _aMED
245 _aPERSPECTIVES ON ARGUMRNT
_cWOOD.N.V
942 _2udc
_cBK
999 _c25317
_d25317